000 00314nam a22001217a 4500
020 _a07-015477-5
082 _a620.0045 HAN'D
100 _aDAVIDSON, A
_978962
245 _aHANDBOOK OF PRECISION ENGINEERING VOL-8 SURFACE TREATMENT
260 _aNEWYORK
_bMCGRAW HILL
_c1972
300 _aVIII, 271P
942 _cBK
999 _c584033
_d584033